| 000 | 00340nam a22001097a 4500 | ||
|---|---|---|---|
| 082 | _a200 THE | ||
| 100 |
_aHASSAAN AFZAL _969498 |
||
| 245 | _aTH-SOF-1537-Adaptive Sliding Mode Control for Suspended Payload with Helicopter | ||
| 260 |
_aISLAMABAD _bNUST COLLEGE OF EME _c2018 |
||
| 700 |
_aAdvisor DR. FAHAD MUMTAZ MALIK _969499 |
||
| 942 | _cCF | ||
| 999 |
_c576747 _d576747 |
||